000
00276nam a2200097Ia 4500
008
220204s9999 xx 000 0 und d
082
_a
338.19(664)
_b
ECO
245
0
_a
Economic and commercial reports: Nigeria
260
_a
New Delhi
_b
Directorate of Commercial
_c
1968
942
_c
BK
999
_c
22169
_d
22169